Stray Kids or Ateez - Statistics

General Stats
  • This quiz has been taken 1,533 times
  • The average score is 27 of 30
Answer Stats
Question Answer % Correct
wooyoung is apart of which group ateez
100%
who fandom name is stay stray kids
100%
who fandom name is atiny ateez
99%
what group has a rapper named mingi ateez
99%
who is the leader of skz bangchan
99%
who is the oldest in both groups? Bangchan and Seonghwa
99%
which is ateez members Seonghwa hongjoong yunho yeosang san mingi wooyoung jongho
99%
changbin is apart of which group stray kids
99%
who visual is hyunjin stray kids
99%
"back door" is whos song stray kids
98%
kq entertainment owns?? ateez
97%
which is stray kids
96%
'the real" is whos song ateez
96%
which is ateez
95%
which group has Australian people in it? stray kids
95%
debuted in october 24 2018 ateez
92%
who is the leader of ateez Hongjoong
91%
debuted in march 25 2018 stray kids
91%
"dune" is who song? ateez
90%
who is the maknae in both groups? I.N and Jongho
88%
"item" is the song of which group stray kids
88%
which group got 8 members both
85%
which name means mountain san
84%
did you have fun (the right answer is yes) but its your opinion yes
84%
"dancing like butterfly wings" is who song ateez
83%
who debuted in 2018 both
83%
which mankae was born on February 8 stray kids I.N
79%
which group was on kingdom both
77%
august 1 2018 was the fandom release date of who stray kids
75%
who is the 4th gen leader (Easy) both
45%
No matching quizzes found
Score Distribution
Percent of People with Each Score
Percentile by Number Answered
Your Score History
You have not taken this quiz